| 000 | 00000nam 2200000zi 4500 |
| 001 | 9.895150 |
| 003 | CaOODSP |
| 005 | 20250121101039 |
| 006 | m o d f |
| 007 | cr mn||||||||| |
| 008 | 210108t19781978oncad obu f000 0 eng d |
| 040 | |aCaOODSP|beng|erda|cCaOODSP |
| 043 | |an-cn--- |
| 086 | 1 |aNR24-72/1978-1E-PDF |
| 245 | 00|aCommentary on Measures for energy conservation in new buildings 1978 / |cissued by the Associate Committee on the National Building Code. |
| 250 | |aFirst edition 1978. |
| 264 | 1|aOttawa : |bNational Research Council of Canada, |c1978. |
| 264 | 4|c©1978 |
| 300 | |a1 online resource (vii, 41 pages) : |billustrations, graphs |
| 336 | |atext|btxt|2rdacontent |
| 337 | |acomputer|bc|2rdamedia |
| 338 | |aonline resource|bcr|2rdacarrier |
| 500 | |aIssued also in French under title: Commentaire sur les Mesures d'économie d'énergie dans les nouveaux bâtiments 1978. |
| 504 | |aIncludes bibliographical references (page 41). |
| 520 | |a"This Commentary contains background information and explanations of the intended application of some of the requirements of the Measure for Energy Conservation in New Buildings 1978"--Page 1. |
| 650 | 0|aArchitecture and energy conservation|zCanada. |
| 650 | 0|aBuildings|xEnergy conservation|xStandards|zCanada. |
| 710 | 2 |aNational Research Council of Canada. |bAssociate Committee on the National Building Code, |eissuing body. |
| 775 | 08|tCommentaire sur les Mesures d'économie d'énergie dans les nouveaux bâtiments 1978 / |w(CaOODSP)9.947183 |
| 856 | 40|qPDF|s1.38 MB|uhttps://publications.gc.ca/collections/collection_2025/cnrc-nrc/NR24-72-1978-1-eng.pdf |
| 986 | |a16945 |